000 00216 a2200097 4500
001 6319
100 _aGreen, J.R
245 _aCalculus with analytic geometry
260 _a
_bMcGraw-Hill
_c1967
090 _c5195
_d5195
942 _aNUST-CAE
_cM
_c31595
999 _c241392
_d241392